Just give me the answer$ : expert advisors address your most pressing financial questions

Bibliographic Details
Main Author: Garrett, Sheryl
Other Authors: Swift, Marie
Format: Book
Published: Chicago : Dearborn Trade Publishing , 2004
Subjects:

MARC

LEADER 00000cam a2200000 7i4500
001 0000091222
005 20050411.0
020 |a 0793183391 
090 0 0 |a 332.024   |b GAR 
100 1 |a Garrett, Sheryl 
245 1 0 |a Just give me the answer$ :   |b expert advisors address your most pressing financial questions   |c Sheryl Garrett with Marie Swift 
260 |a Chicago :   |b Dearborn Trade Publishing ,   |c 2004 
300 |a 337p. ;   |c 24cm. 
650 0 0 |a Finance, Personal 
700 1 |a Swift, Marie 
999 |a 00187832   |b BUKU   |c PINJAMAN   |e PERPUSTAKAAN KOMUNITI PETALING JAYA